[Event "XXIX Cracovia 2018"]
[Site "Krakow"]
[Date "2018.12.31"]
[Round "6"]
[White "Schreiner, Peter"]
[Black "Lukasiewicz, Krzysztof"]
[Result "1-0"]
[WhiteElo "2479"]
[BlackElo "2223"]
[Annotator "TA"]
[PlyCount "75"]
[EventDate "2018.12.27"]
[EventType "swiss"]
[EventCountry "POL"]
[SourceTitle "playchess.com"]
[Source "ChessBase"]
[SourceQuality "1"]

{[%evp 24,75,23,2,9,-2,22,0,28,22,28,29,31,29,37,35,30,43,40,40,41,41,74,59,67,52,54,50,159,137,253,238,302,302,404,224,262,262,245,265,250,258,258,254,286,286,350,302,302,309,408,408,416,408]} 1. d4 Nf6 2. c4 e6 3. g3 d5 4. Bg2 dxc4 5. Qa4+ Bd7 {[%cal Bc8d7,Bd7c6,Bc6d5][%mdl 32]} 6. Qxc4 Bc6 7. Nf3 Bd5 8. Qb5+ Bc6 9. Qd3 Be4 10. Qd1 c5 11. Nc3 Bc6 12. O-O Nbd7 {[%cal Bb8d7,Bd7c5,Bc5e4][%mdl 32]} 13. Bg5 {LiveBook: 5 Games. E02: Open Catalan: 5 Qa4+} (13. Be3 cxd4 14. Bxd4 Be7 15. Ne5 Bxg2 16. Kxg2 Nxe5 17. Bxe5 Qa5 18. Bxf6 Bxf6 19. Ne4 O-O 20. Nxf6+ gxf6 21. Qd4 {½-½ (19) Timman,J (2565)-Karpov,A (2628) Murmansk 2016}) 13... Be7 14. dxc5 Nxc5 15. Qc2 {The position is equal.} a5 $146 ({Predecessor:} 15... O-O 16. Rad1 Qa5 17. Rd4 Na6 18. e4 e5 19. Rdd1 h6 20. Bd2 Qc7 {0-1 (38) Fokin,S (2365)-Meister,J (2395) Cheliabinsk 1989}) 16. Rfd1 Qb6 17. Bh3 Nce4 18. Be3 Qa6 19. Nd4 Nxc3 $1 20. bxc3 Nd5 21. Bd2 $36 {[%mdl 2048] White fights for an advantage.} O-O 22. Bf1 {And now e4 would win.} Qb6 23. Rab1 Qc7 24. Nxc6 Qxc6 25. Qb3 Bf6 {[#]} ({Black should play} 25... Rad8 $14) 26. c4 $1 $16 (26. Qxb7 $6 Qxb7 27. Rxb7 Nxc3 $11) 26... a4 {[#]} (26... Nb4 $16 {might work better.} 27. Bg2 Qc5) 27. Qd3 $1 $18 ({Don't do} 27. cxd5 $6 axb3 28. dxc6 bxa2 $16) ({Stronger than} 27. Qxb7 Qxc4 28. a3 Rad8 $11) 27... Nb6 28. Bg2 Qc7 29. Bb4 (29. Bf4 $142 Qxc4 30. Rxb6 Qxa2 31. Bd6) 29... Rfd8 30. Bd6 Rxd6 31. Qxd6 Qxd6 32. Rxd6 Nxc4 33. Bxb7 Rb8 34. Rc6 Na5 35. Rc8+ Rxc8 36. Bxc8 Nc4 37. Rb4 Nd6 38. Rxa4 {Accuracy: White = 72%, Black = 40%.} 1-0

[Event "XXIX Cracovia 2018"]
[Site "Krakow"]
[Date "2018.12.31"]
[Round "6"]
[White "Golubka, Petro"]
[Black "Eggink, Ryszard"]
[Result "0-1"]
[WhiteElo "2464"]
[BlackElo "2343"]
[Annotator "TA"]
[PlyCount "84"]
[EventDate "2018.12.27"]
[EventType "swiss"]
[EventCountry "POL"]
[SourceTitle "playchess.com"]
[Source "ChessBase"]
[SourceQuality "1"]

{[%evp 11,84,23,83,79,83,90,81,88,83,44,84,81,103,83,116,116,117,117,117,117,118,116,152,-26,-6,-24,-2,-33,-28,-49,-42,-50,-48,-61,-37,-91,-115,-100,-94,-77,0,0,-9,-83,-62,-58,0,-5,0,0,0,-85,-85,-85,-85,-85,-85,-100,-85,-125,-106,-127,-65,-70,-88,-174,-162,-204,-203,-478,-479,-472,-458,-532,-482]} 1. e4 d6 2. d4 Nf6 3. Nc3 Nbd7 4. g4 h6 5. h3 e5 6. Nge2 {B07: Pirc Defence: Miscellaneous Systems} g6 {LiveBook: 3 Games} (6... c6 $11) 7. Bg2 $16 Bg7 8. Be3 {White is better.} a6 $146 ({Predecessor:} 8... c6 9. Qd2 Qe7 10. O-O h5 11. g5 Nh7 12. a4 {1-0 (48) Bosiocic,M (2624)-Bortnyk,O (2610) Riadh 2017}) 9. a4 b6 10. Ng3 Bb7 11. d5 a5 12. Bf1 h5 13. g5 Nh7 14. h4 Nc5 15. Bb5+ Ke7 16. Rg1 f6 17. Nf5+ $2 (17. Qd2 $16) 17... gxf5 $11 18. exf5 Bc8 19. Qf3 fxg5 20. hxg5 Qf8 21. f6+ {[#]} Nxf6 $1 22. gxf6+ Bxf6 23. Ne4 {[#]} ({Better is} 23. Qe2 $15) 23... Bg4 $1 $17 {[%cal Rg4f3]} 24. Qh1 Nxe4 25. Qxe4 Qc8 (25... Qf7 $17 26. Kd2 Rhg8) 26. Bd3 $11 {With the idea f3.} Qe8 27. Ra3 (27. Kd2 $11) 27... Qf7 $17 28. Rc3 Ra7 ({Black should play} 28... c5 $1 $15) 29. Be2 $11 Bxe2 30. Kxe2 Qh7 $36 {[%mdl 2048] Black fights for an advantage.} 31. Rc4 (31. Qf3 $11 {keeps the balance.}) 31... Qxe4 $17 32. Rxe4 Raa8 33. Rc4 Kd7 34. Rg6 Raf8 35. Kf1 Rf7 36. c3 h4 (36... c5 $17 37. Re4 (37. dxc6+ Kc7 $17) 37... Be7) 37. Kg2 $15 h3+ 38. Kh2 {[#]} (38. Kh1 $17 {keeps fighting.}) 38... Bh4 $1 $19 39. f4 Bf6 40. b4 $2 (40. Rg3 {is a better defense.}) 40... exf4 {Black is clearly winning.} 41. Bf2 Be5 42. bxa5 bxa5 {Accuracy: White = 48%, Black = 51%.} 0-1

[Event "XXIX Cracovia 2018"]
[Site "Krakow"]
[Date "2018.12.31"]
[Round "6"]
[White "Tomczak, Mikolaj"]
[Black "Miroshnichenko, Pavel"]
[Result "0-1"]
[WhiteElo "2442"]
[BlackElo "2275"]
[Annotator "TA"]
[PlyCount "84"]
[EventDate "2018.12.27"]
[EventType "swiss"]
[EventCountry "POL"]
[SourceTitle "playchess.com"]
[Source "ChessBase"]
[SourceQuality "1"]

{[%evp 11,84,-5,28,30,41,34,34,24,52,43,64,56,60,43,48,38,56,44,50,52,51,39,48,1,13,10,53,64,59,41,31,-52,69,-217,-168,-193,-77,-308,-107,-87,-106,-304,-307,-289,-285,-286,-296,-341,-332,-338,-322,-297,-275,-379,-297,-297,-291,-300,-309,-311,-322,-320,-311,-413,-414,-423,-424,-405,-390,-551,-477,-578,-573,-624,-623]} 1. b3 Nf6 2. Bb2 c5 3. f4 Nc6 4. Nf3 g6 5. e3 Bg7 6. Bb5 {A02: Bird's Opening} O-O {LiveBook: 4 Games} 7. Bxc6 dxc6 (7... bxc6 8. d3 d6 9. O-O Re8 10. Qe1 Bg4 11. Nbd2 Bxf3 12. Nxf3 e5 13. fxe5 {½-½ (49) Chernyshov,K (2578)-Novikov,S (2558) Kostroma 2010}) 8. O-O {White is slightly better.} a5 $146 ({Predecessor:} 8... Bg4 9. Qe1 Nd5 10. Bxg7 Kxg7 11. d3 f6 12. Nbd2 {½-½ (37) Aristegui,M-Pekin,T (1928) ICCF email 2016}) 9. a4 Be6 10. d3 Nd5 11. Bxg7 Kxg7 12. Qe1 f6 13. Nc3 Qb6 14. Ne4 Bf7 15. Qf2 Qa7 16. Rae1 b5 17. c4 Nb4 18. Rd1 Rad8 19. Qe2 Rd7 20. Rd2 Rfd8 21. Rfd1 ({But not} 21. cxb5 cxb5 22. axb5 Rxd3 $15) (21. Nf2 $14) 21... Qb6 (21... bxa4 $1 $15 22. bxa4 Nxd3 {[%mdl 64] Remove Defender} 23. Rxd3 Rxd3 24. Rxd3 Bxc4) 22. h3 $2 {[%mdl 8192]} (22. Nc3 $14 {stays ahead.}) 22... bxa4 $19 23. bxa4 {[#]} Rxd3 (23... Nxd3 $1 $19 {[%mdl 512] has better winning chances.} 24. Rxd3 Rxd3 25. Rxd3 Qb1+ 26. Ne1 Bxc4 27. Nxc5 Rd5 {[%mdl 64] Pin}) 24. Rxd3 $2 (24. Ne1 $17 Rxd2 25. Rxd2) 24... Rxd3 $2 (24... Bxc4 $19 {is more deadly.} 25. Ne1 Nxd3 26. Nxd3 Bxd3) 25. Rxd3 $17 Bxc4 {[%mdl 64] Pin} 26. Nf2 $2 (26. Nxc5 $17 {keeps fighting.} Nxd3 27. Nxd3 Qb1+ {[%mdl 64] Double Attack} 28. Nfe1 Bxd3 {[%mdl 64] Overworked Piece} 29. Qxd3 Qxe1+ 30. Kh2) 26... Nxd3 $19 27. Nd2 {[#]} Ba6 $1 28. Nxd3 c4 29. Nc1 c3 {[%mdl 64] Discovered Attack} 30. Qe1 cxd2 31. Qxd2 Qb4 32. Qd1 Qc3 33. Kf2 Bc4 34. g4 Qb2+ 35. Kg3 Bd5 {( -> ...Qg2+)} 36. Ne2 Bb3 37. Qe1 Bxa4 38. Nd4 Qb4 39. Qc1 Bb5 40. f5 (40. Ne6+ {is a better defense.} Kg8 41. Nd4) 40... Bc4 {Black is clearly winning.} 41. g5 Bd5 42. gxf6+ exf6 {Accuracy: White = 41%, Black = 64%.} 0-1

[Event "XXIX Cracovia 2018"]
[Site "Krakow"]
[Date "2018.12.31"]
[Round "6"]
[White "Grib, Roman"]
[Black "Zylka, Stanislaw"]
[Result "1-0"]
[WhiteElo "2412"]
[BlackElo "2305"]
[Annotator "ChessBase"]
[PlyCount "65"]
[EventDate "2018.12.27"]
[EventType "swiss"]
[EventCountry "POL"]
[SourceTitle "playchess.com"]
[Source "ChessBase"]
[SourceQuality "1"]
[TimeControl "40/5400+30:1800+30"]

1. e4 {[%emt 0:00:00]} c6 {[%emt 0:00:00]} 2. d4 {[%emt 0:00:20]} d5 {[%emt 0:00:00]} 3. Nc3 {[%emt 0:00:12]} dxe4 {[%emt 0:00:00]} 4. Nxe4 {[%emt 0:00:04]} Bf5 {[%emt 0:00:00]} 5. Ng3 {[%emt 0:00:11]} Bg6 {[%emt 0:00:06]} 6. Nf3 {[%emt 0:00:31]} Nd7 {[%emt 0:00:20]} 7. h4 {[%emt 0:00:04]} h6 {[%emt 0:00:11]} 8. h5 {[%emt 0:00:06]} Bh7 {[%emt 0:00:04]} 9. Bd3 {[%emt 0:00:04]} Bxd3 {[%emt 0:00:12]} 10. Qxd3 {[%emt 0:00:04]} e6 {[%emt 0:00:13]} 11. Bd2 {[%emt 0:01:12]} Ngf6 {[%emt 0:00:08]} 12. O-O-O {[%emt 0:00:27]} Be7 {[%emt 0:00:07]} 13. Qe2 {[%emt 0:11:01]} Qc7 {[%emt 0:12:18]} 14. Kb1 {[%emt 0:13:05]} O-O-O {[%emt 0:02:32]} 15. Ne5 {[%emt 0:04:00]} Nxe5 {[%emt 0:00:32]} 16. dxe5 {[%emt 0:00:04]} Nd7 {[%emt 0:00:47]} 17. f4 {[%emt 0:00:57]} c5 {[%emt 0:13:21]} 18. Ne4 {[%emt 0:21:23]} Qc6 {[%emt 0:07:52]} 19. Ba5 {[%emt 0:08:12]} Nb6 {[%emt 0:00:13]} 20. c4 {[%emt 0:02:52]} Rd4 {[%emt 0:03:20]} 21. Rxd4 {[%emt 0:00:50]} cxd4 {[%emt 0:00:09]} 22. Rd1 {[%emt 0:04:14]} f5 {[%emt 0:28:23]} 23. Nd6+ {[%emt 0:13:06]} Bxd6 {[%emt 0:06:23]} 24. exd6 {[%emt 0:00:19]} Qxd6 {[%emt 0:02:06]} 25. c5 {[%emt 0:00:27]} Qd5 {[%emt 0:00:04]} 26. cxb6 {[%emt 0:01:59]} Qxa5 {[%emt 0:00:06]} 27. bxa7 {[%emt 0:05:36]} Qxa7 {[%emt 0:00:23]} 28. Qxe6+ {[%emt 0:00:08]} Kb8 {[%emt 0:00:11]} 29. Qe5+ {[%emt 0:00:34]} Ka8 {[%emt 0:00:20]} 30. Rd3 {[%emt 0:00:07]} Rd8 {[%emt 0:01:20]} 31. Ra3 {[%emt 0:00:10]} d3 {[%emt 0:00:16]} 32. Rxa7+ {[%emt 0:00:08]} Kxa7 {[%emt 0:00:04]} 33. Qa5+ {[%emt 0:00:06]} 1-0

[Event "XXIX Cracovia 2018"]
[Site "Krakow"]
[Date "2018.12.31"]
[Round "6"]
[White "Lewtak, Damian"]
[Black "Roshka, Yevgeniy"]
[Result "1/2-1/2"]
[WhiteElo "2393"]
[BlackElo "2293"]
[Annotator "NA"]
[PlyCount "94"]
[EventDate "2018.12.27"]
[EventType "swiss"]
[EventCountry "POL"]
[SourceTitle "playchess.com"]
[Source "ChessBase"]
[SourceQuality "1"]
[TimeControl "40/5400+30:1800+30"]

1. d4 {[%emt 0:00:00]} d6 {[%emt 0:15:43]} 2. e4 {[%emt 0:00:00]} g6 {[%emt 0:00:17]} 3. Nc3 {[%emt 0:02:06]} Bg7 {[%emt 0:00:02]} 4. f4 {[%emt 0:00:17]} Nf6 {[%emt 0:05:21]} 5. Nf3 {[%emt 0:00:05]} O-O {[%emt 0:00:04]} 6. e5 {[%emt 0:00:03]} dxe5 {[%emt 0:00:07]} 7. dxe5 {[%emt 0:00:05]} Qxd1+ {[%emt 0:01:05]} 8. Kxd1 {[%emt 0:00:05]} Ng4 {[%emt 0:09:14]} 9. Ke1 {[%emt 0:00:16]} c6 {[%emt 0:04:55]} 10. h3 {[%emt 0:00:23]} Nh6 {[%emt 0:00:03] LiveBook: 6 Games} 11. g4 {[%emt 0:00:04]} f6 {[%emt 0:10:19]} 12. Bc4+ {[%emt 0:00:10]} Kh8 {[%emt 0:00:27]} 13. e6 {[%emt 0:08:25] B09: Pirc Defence: Austrian Attack} (13. Be3 fxe5 14. Nxe5 Nd7 15. Rd1 Nxe5 16. fxe5 b5 17. Bb3 a5 18. a4 Ba6 19. Rd7 Nf7 20. e6 Ne5 21. Rxe7 {0-1 (54) Collins,S (2401)-Movsziszian,K (2530) San Sebastian 2010}) 13... Na6 $146 {[%emt 0:01:08]} ({Predecessor:} 13... b5 14. Bb3 Na6 15. Be3 Nc7 16. Nd4 a6 17. Ne4 f5 18. Nc5 fxg4 19. Ke2 gxh3 20. Rag1 Nf5 21. Nxf5 Rxf5 22. Rxh3 {1-0 (31) Markeluk,S (2355)-Rios,A Vicente Lopez 1993}) 14. Bxa6 {[%emt 0:00:32]} bxa6 {[%emt 0:00:02]} 15. f5 {[%emt 0:00:06]} gxf5 {[%emt 0:00:10]} 16. Bxh6 {[%emt 0:00:08]} Bxh6 {[%emt 0:00:02]} 17. gxf5 {[%emt 0:00:06]} c5 {[%emt 0:00:14]} 18. Kf2 {[%emt 0:05:37]} Bb7 {[%emt 0:01:15]} 19. Rad1 {[%emt 0:00:26]} Rfd8 {[%emt 0:00:09]} 20. Rd3 {[%emt 0:12:00]} (20. Rxd8+ $11 Rxd8 21. Rg1) 20... Rxd3 {[%emt 0:07:28]} 21. cxd3 {[%emt 0:00:02]} Rd8 {[%emt 0:00:01]} 22. Rd1 {[%emt 0:00:59]} Bf4 $15 {[%emt 0:05:12]} 23. d4 {[%emt 0:07:12]} cxd4 {[%emt 0:08:46]} 24. Rxd4 {[%emt 0:00:22]} Rxd4 {[%emt 0:01:03]} 25. Nxd4 {[%emt 0:00:06]} Kg7 {[%emt 0:00:54]} 26. Nb3 {[%emt 0:03:34]} Be5 {[%emt 0:01:24]} 27. Na5 {[%emt 0:00:31]} Ba8 {[%emt 0:06:11]} 28. Nc4 {[%emt 0:00:04]} Bxc3 29. bxc3 {[%emt 0:00:18]} Bd5 {[%emt 0:03:42]} 30. Nd2 {[%emt 0:02:44]} Bxa2 {[%emt 0:04:35]} 31. c4 {[%emt 0:00:07]} a5 {[%emt 0:00:05]} 32. Ke3 {[%emt 0:01:06]} a4 {[%emt 0:00:01]} 33. Kd4 {[%emt 0:00:11]} a3 {[%emt 0:00:01]} 34. Kc3 {[%emt 0:01:01]} Kf8 {[%emt 0:10:28]} 35. Nb3 {[%emt 0:00:08]} Bxb3 {[%emt 0:01:22]} 36. Kxb3 {[%emt 0:09:37]} Ke8 {[%emt 0:00:05]} 37. Kxa3 {[%emt 0:00:04]} Kd8 {[%emt 0:00:04]} 38. Kb4 {[%emt 0:00:09]} Kc7 {[%emt 0:00:21]} 39. Kb5 {[%emt 0:00:16]} Kb7 {[%emt 0:00:33]} 40. h4 {[%emt 0:00:00]} a6+ {[%emt 0:00:00]} 41. Ka5 {[%emt 0:00:50]} Ka7 {[%emt 0:01:28]} 42. h5 {[%emt 0:04:03]} Kb7 {[%emt 0:00:55]} 43. c5 {[%emt 0:00:40]} h6 {[%emt 0:00:03]} 44. c6+ {[%emt 0:00:19]} Kxc6 {[%emt 0:00:10]} 45. Kxa6 {[%emt 0:00:09]} Kc7 {[%emt 0:00:04]} 46. Ka7 {[%emt 0:00:31]} Kc8 {[%emt 0:00:04]} 47. Kb6 {[%emt 0:00:03]} Kb8 {[%emt 0:00:04]} 1/2-1/2

[Event "XXIX Cracovia 2018"]
[Site "Krakow"]
[Date "2018.12.31"]
[Round "6"]
[White "Galperin, Platon"]
[Black "Lee, Qing Aun"]
[Result "1-0"]
[WhiteElo "2363"]
[BlackElo "2297"]
[Annotator "NA"]
[PlyCount "87"]
[EventDate "2018.12.27"]
[EventType "swiss"]
[EventCountry "POL"]
[SourceTitle "playchess.com"]
[Source "ChessBase"]
[SourceQuality "1"]
[TimeControl "40/5400+30:1800+30"]

1. c4 {[%emt 0:13:23]} Nf6 {[%emt 0:01:00]} 2. Nc3 {[%emt 0:00:04]} e6 {[%emt 0:00:15]} 3. Nf3 {[%emt 0:00:09]} d5 {[%emt 0:00:15]} 4. e3 {[%emt 0:02:14]} Be7 {[%emt 0:00:55]} 5. b3 {[%emt 0:00:16]} O-O {[%emt 0:00:58]} 6. Bb2 {[%emt 0:00:02]} c5 {[%emt 0:00:33]} 7. cxd5 {[%emt 0:00:02]} exd5 {[%emt 0:01:42]} 8. d4 {[%emt 0:00:03]} Nc6 {[%emt 0:09:25]} 9. Be2 {[%emt 0:01:52]} Bf5 {[%emt 0:08:09]} 10. O-O {[%emt 0:01:05] LiveBook: 3 Games} a6 {[%emt 0:00:54] D32: Tarrasch Defence: Sidelines and lines without g3} (10... Rc8 11. dxc5 Bxc5 12. Nb5 Ne4 13. Rc1 Re8 14. Nbd4 Bd7 15. a3 a6 16. b4 Bxd4 17. Nxd4 Ne5 18. Nf3 Nxf3+ 19. Bxf3 Rxc1 20. Qxc1 {½-½ (90) Williams,S (2457)-Pranav,A (2269) Douglas 2018}) 11. Rc1 {[%emt 0:02:20]} b6 $146 {[%emt 0:13:59]} ({Predecessor:} 11... cxd4 12. Nxd4 Bg6 13. Nxc6 bxc6 14. Na4 Qd6 15. Bd4 Nd7 16. Nc5 a5 17. Qd2 Nf6 18. Qc3 {1-0 (60) Roos,E (1722)-Loesch,T (1976) Reil an der Mosel 2016}) 12. dxc5 {[%emt 0:04:06]} bxc5 {[%emt 0:00:02]} 13. Na4 {[%emt 0:00:55]} Ne4 {[%emt 0:00:22]} 14. Nd2 {[%emt 0:00:08]} Bd6 {[%emt 0:18:59]} 15. Nxe4 {[%emt 0:02:05]} dxe4 {[%emt 0:00:14]} 16. Nxc5 {[%emt 0:01:23]} Qe7 {[%emt 0:00:29]} 17. Qd5 $18 {[%emt 0:07:07]} ({Resist} 17. Nxa6 $6 Ne5 $16) 17... Bg6 {[%emt 0:10:21]} 18. Qxc6 {[%emt 0:08:08]} Rfc8 {[%emt 0:00:08]} 19. Qb7 {[%emt 0:03:01]} Bxc5 {[%emt 0:01:47]} 20. Bxa6 {[%emt 0:02:32]} Rcb8 {[%emt 0:03:12]} 21. Qxe7 {[%emt 0:04:46]} Bxe7 {[%emt 0:00:04]} 22. Rc6 {[%emt 0:02:23]} f5 {[%emt 0:00:23]} 23. Be5 {[%emt 0:06:49]} Rd8 {[%emt 0:02:16]} 24. Bc4+ {[%emt 0:00:24]} Bf7 {[%emt 0:01:43]} 25. a4 {[%emt 0:00:35]} Bxc4 {[%emt 0:01:00]} 26. Rxc4 {[%emt 0:00:04]} Rd3 {[%emt 0:00:13]} 27. Rb1 {[%emt 0:00:52]} Rad8 {[%emt 0:00:12]} 28. g4 {[%emt 0:06:43]} g6 {[%emt 0:01:50]} 29. b4 {[%emt 0:01:21]} Kf7 {[%emt 0:02:01]} 30. b5 {[%emt 0:01:04]} Ke6 {[%emt 0:00:37]} 31. Bc7 {[%emt 0:03:17]} Rd1+ {[%emt 0:00:27]} 32. Rxd1 {[%emt 0:00:01]} Rxd1+ {[%emt 0:00:07]} 33. Kg2 {[%emt 0:00:01]} Rb1 {[%emt 0:00:54]} 34. b6 {[%emt 0:00:33]} Rb2 {[%emt 0:00:14]} 35. a5 {[%emt 0:00:19]} Bh4 {[%emt 0:00:05]} 36. Bg3 {[%emt 0:00:25]} Bd8 {[%emt 0:00:56]} 37. gxf5+ {[%emt 0:00:29]} gxf5 {[%emt 0:00:03]} 38. Bc7 {[%emt 0:01:09]} Bh4 {[%emt 0:00:15]} 39. a6 {[%emt 0:03:53]} Bxf2 {[%emt 0:01:12]} 40. Rb4 {[%emt 0:00:00]} Ra2 {[%emt 0:00:00]} 41. Ra4 {[%emt 0:08:05]} Rxa4 {[%emt 0:06:00]} 42. Kxf2 {[%emt 0:01:37]} Kd7 {[%emt 0:01:56]} 43. Be5 {[%emt 0:00:06]} Rxa6 {[%emt 0:00:30]} 44. b7 {[%emt 0:00:02]} 1-0

[Event "XXIX Cracovia 2018"]
[Site "Krakow"]
[Date "2018.12.31"]
[Round "6"]
[White "Lewicki, Miroslaw"]
[Black "Marczuk, Dominik"]
[Result "0-1"]
[WhiteElo "2347"]
[BlackElo "2274"]
[Annotator "NA"]
[PlyCount "80"]
[EventDate "2018.12.27"]
[EventType "swiss"]
[EventCountry "POL"]
[SourceTitle "playchess.com"]
[Source "ChessBase"]
[SourceQuality "1"]
[TimeControl "40/5400+30:1800+30"]

1. e4 {[%emt 0:01:20]} c6 {[%emt 0:00:00]} 2. d4 {[%emt 0:03:05]} d5 {[%emt 0:00:00]} 3. Nd2 {[%emt 0:00:28]} dxe4 {[%emt 0:00:36]} 4. Nxe4 {[%emt 0:00:09]} Bf5 {[%emt 0:00:23]} 5. Ng3 {[%emt 0:00:15]} Bg6 {[%emt 0:00:07]} 6. Nf3 {[%emt 0:01:53]} Nd7 {[%emt 0:00:28]} 7. h4 {[%emt 0:01:38]} h6 {[%emt 0:00:17]} 8. h5 {[%emt 0:01:06]} Bh7 {[%emt 0:00:08]} 9. Bd3 {[%emt 0:00:18]} Bxd3 {[%emt 0:01:13]} 10. Qxd3 {[%emt 0:00:06]} e6 {[%emt 0:00:16]} 11. Bd2 {[%emt 0:04:50]} Ngf6 {[%emt 0:04:36]} 12. O-O-O {[%emt 0:00:45]} Be7 {[%emt 0:00:22]} 13. Kb1 {[%emt 0:09:55]} O-O {[%emt 0:05:56]} 14. Qe2 {[%emt 0:01:25]} c5 {[%emt 0:19:57]} 15. Bc1 {[%emt 0:03:36]} Qb6 {[%emt 0:08:22] LiveBook: 4 Games} 16. d5 {[%emt 0:01:38]} exd5 {[%emt 0:09:29]} 17. Nf5 {[%emt 0:00:06] [#]} (17. Qxe7 $2 Rae8 $17) 17... Bd6 {[%emt 0:01:07]} (17... Bd8 $1 $17 18. Rhe1 Ne4) 18. g4 {[%emt 0:05:23]} (18. Bxh6 $5 Rfe8 19. Be3 $11) 18... Rfe8 {[%emt 0:06:44]} 19. Qf1 $11 {[%emt 0:00:07]} Ne4 {[%emt 0:05:51]} 20. Ka1 {[%emt 0:00:06]} d4 {[%emt 0:01:37]} 21. Bxh6 {[%emt 0:09:54]} gxh6 {[%emt 0:05:03]} 22. Nxh6+ {[%emt 0:00:05]} Kf8 {[%emt 0:01:41]} 23. Qc4 {[%emt 0:00:21]} Re6 {[%emt 0:02:03]} 24. Nf5 {[%emt 0:10:04]} Qa6 {[%emt 0:04:28]} 25. h6 {[%emt 0:02:00]} Kg8 {[%emt 0:04:09]} 26. h7+ {[%emt 0:01:56]} Kh8 {[%emt 0:00:05]} 27. Qxa6 {[%emt 0:04:56]} bxa6 {[%emt 0:00:06]} 28. Rde1 {[%emt 0:00:02]} Bf4 {[%emt 0:03:08]} 29. Re2 {[%emt 0:02:46]} Rae8 {[%emt 0:01:47]} 30. b4 {[%emt 0:00:35]} Ng5 {[%emt 0:05:04]} 31. Rxe6 {[%emt 0:02:09]} Rxe6 {[%emt 0:00:46]} 32. Ne1 {[%emt 0:00:22]} Bd2 {[%emt 0:02:37]} 33. Nd3 {[%emt 0:00:06]} c4 {[%emt 0:00:58]} 34. Nb2 {[%emt 0:00:03]} Bc3 {[%emt 0:01:22]} 35. Kb1 {[%emt 0:00:01]} Nb6 {[%emt 0:02:17]} 36. a3 {[%emt 0:00:34]} Nxh7 {[%emt 0:01:12]} 37. f4 {[%emt 0:01:11]} Re4 {[%emt 0:01:54]} 38. Rf1 {[%emt 0:00:34]} Bxb2 {[%emt 0:00:38]} 39. Kxb2 {[%emt 0:00:13]} Kg8 {[%emt 0:01:34]} 40. g5 {[%emt 0:00:00]} Nd5 {[%emt 0:00:00]} 0-1

[Event "XXIX Cracovia 2018"]
[Site "Krakow"]
[Date "2018.12.31"]
[Round "6"]
[White "Szpar, Milosz"]
[Black "Goluch, Piotr"]
[Result "1/2-1/2"]
[WhiteElo "2339"]
[BlackElo "2273"]
[Annotator "NA"]
[PlyCount "125"]
[EventDate "2018.12.27"]
[EventType "swiss"]
[EventCountry "POL"]
[SourceTitle "playchess.com"]
[Source "ChessBase"]
[SourceQuality "1"]
[TimeControl "40/5400+30:1800+30"]

1. e4 {[%emt 0:00:00]} c6 {[%emt 0:00:40]} 2. d4 {[%emt 0:00:00]} d5 {[%emt 0:00:04]} 3. Nd2 {[%emt 0:00:00]} dxe4 {[%emt 0:00:04]} 4. Nxe4 {[%emt 0:00:00]} Bf5 {[%emt 0:00:04]} 5. Ng3 {[%emt 0:00:00]} Bg6 {[%emt 0:00:07] LiveBook: 12464 Games} 6. h4 {[%emt 0:00:10]} h6 {[%emt 0:00:05]} 7. Nf3 {[%emt 0:00:04]} e6 {[%emt 0:02:53]} 8. h5 {[%emt 0:07:05]} Bh7 {[%emt 0:00:05]} 9. Bd3 {[%emt 0:00:02]} Bxd3 {[%emt 0:00:07]} 10. Qxd3 {[%emt 0:00:02]} Nf6 {[%emt 0:00:05]} 11. Bd2 {[%emt 0:00:34]} c5 {[%emt 0:05:23]} 12. Ne4 {[%emt 0:00:30] B19: Classical Caro-Kann: 4...Bf5 main line} Nc6 {[%emt 0:00:40]} 13. Bc3 {[%emt 0:05:57]} cxd4 {[%emt 0:06:39]} 14. Nxd4 {[%emt 0:01:33] [#]} Nd5 $146 {[%emt 0:29:01]} ({Predecessor:} 14... Nb4 15. Nxf6+ gxf6 16. Bxb4 Bxb4+ 17. c3 Be7 18. O-O-O Qb6 19. Qb5+ Kf8 {1-0 (55) Wei,Y (2727)-Wang,H (2690) China 2017}) 15. O-O-O {[%emt 0:07:35]} Qb6 {[%emt 0:04:45]} 16. Qc4 $14 {[%emt 0:16:24]} Nxc3 {[%emt 0:14:20]} 17. Nxc3 {[%emt 0:01:27]} Qb4 {[%emt 0:12:08]} 18. Qxb4 {[%emt 0:16:05]} Bxb4 {[%emt 0:00:05]} 19. Ne4 {[%emt 0:01:28]} Rc8 {[%emt 0:04:26]} 20. Rh3 {[%emt 0:02:17]} Nxd4 {[%emt 0:01:14]} 21. Rxd4 {[%emt 0:00:08]} Be7 {[%emt 0:00:04]} 22. Rhd3 {[%emt 0:01:21]} Rc7 {[%emt 0:01:17]} 23. g4 {[%emt 0:05:27]} O-O {[%emt 0:03:55]} 24. Rd7 {[%emt 0:00:35]} Rfc8 {[%emt 0:00:47]} 25. c3 {[%emt 0:03:52]} Kf8 {[%emt 0:02:31]} 26. Kd2 {[%emt 0:03:44]} Ke8 {[%emt 0:00:07]} 27. Rxc7 {[%emt 0:00:47]} Rxc7 {[%emt 0:00:04]} 28. Ke3 {[%emt 0:02:42]} g6 {[%emt 0:03:41]} 29. hxg6 {[%emt 0:01:03]} fxg6 {[%emt 0:00:04]} 30. Kf4 {[%emt 0:01:29]} Bf8 {[%emt 0:01:10]} 31. a4 {[%emt 0:05:41]} Rf7+ {[%emt 0:02:12]} 32. Kg3 {[%emt 0:02:18]} Be7 {[%emt 0:02:56]} 33. f4 {[%emt 0:09:42]} h5 {[%emt 0:00:58]} 34. gxh5 {[%emt 0:02:23]} gxh5 {[%emt 0:00:01]} 35. Rd1 {[%emt 0:00:32]} Rf5 {[%emt 0:00:24]} 36. Re1 {[%emt 0:02:36]} Kf7 {[%emt 0:01:56]} 37. c4 {[%emt 0:00:33]} e5 {[%emt 0:01:19]} 38. fxe5 {[%emt 0:00:23]} Ke6 {[%emt 0:01:04]} 39. Nc3 {[%emt 0:02:24]} Bb4 {[%emt 0:00:24]} 40. Re3 {[%emt 0:00:00]} Rxe5 {[%emt 0:00:00]} 41. Ne4 {[%emt 0:07:05]} Kf5 {[%emt 0:04:44]} 42. Kf3 {[%emt 0:00:21]} h4 {[%emt 0:00:01]} 43. b3 {[%emt 0:02:14]} a5 {[%emt 0:00:54]} 44. Re2 {[%emt 0:00:43]} b6 {[%emt 0:00:46]} 45. Re3 {[%emt 0:00:40]} Re6 {[%emt 0:04:39]} 46. Re2 {[%emt 0:00:15]} Rg6 {[%emt 0:00:11]} 47. Ke3 {[%emt 0:04:28]} h3 {[%emt 0:00:51]} 48. Kf3 {[%emt 0:03:18]} Bd6 {[%emt 0:03:06]} 49. c5 {[%emt 0:07:48]} bxc5 {[%emt 0:00:16]} 50. Nxd6+ {[%emt 0:00:29]} Rxd6 {[%emt 0:00:03]} 51. Rc2 {[%emt 0:00:10]} Rd3+ {[%emt 0:01:04]} 52. Kf2 {[%emt 0:00:26]} Rd5 {[%emt 0:01:57]} 53. Kg3 {[%emt 0:01:41]} Ke4 {[%emt 0:00:05]} 54. Rc4+ {[%emt 0:01:45]} Ke5 {[%emt 0:00:01]} 55. Rc3 {[%emt 0:01:16]} Ke4 {[%emt 0:05:21]} 56. Rc4+ {[%emt 0:00:18]} Ke5 {[%emt 0:00:11]} 57. Rc3 {[%emt 0:00:12]} Kd6 {[%emt 0:00:11]} 58. Kxh3 {[%emt 0:00:22]} Rg5 {[%emt 0:00:03]} 59. Rd3+ {[%emt 0:02:36]} Kc6 {[%emt 0:00:01]} 60. Rd8 {[%emt 0:01:29]} Rg1 {[%emt 0:00:06]} 61. Rb8 {[%emt 0:02:04]} Kd5 {[%emt 0:01:31]} 62. Rb5 {[%emt 0:00:22]} Rb1 {[%emt 0:00:05]} 63. Kg2 {[%emt 0:00:32]} 1/2-1/2